<?xml version="1.0" encoding="UTF-8"?><?xml-stylesheet type="text/xsl" href="static/style.xsl"?><OAI-PMH xmlns="http://www.openarchives.org/OAI/2.0/" xmlns:xsi="http://www.w3.org/2001/XMLSchema-instance" xsi:schemaLocation="http://www.openarchives.org/OAI/2.0/ http://www.openarchives.org/OAI/2.0/OAI-PMH.xsd"><responseDate>2026-04-18T02:14:21Z</responseDate><request verb="GetRecord" identifier="oai:www.recercat.cat:2445/183332" metadataPrefix="marc">https://recercat.cat/oai/request</request><GetRecord><record><header><identifier>oai:recercat.cat:2445/183332</identifier><datestamp>2025-12-05T14:38:13Z</datestamp><setSpec>com_2072_1057</setSpec><setSpec>col_2072_478861</setSpec><setSpec>col_2072_478916</setSpec><setSpec>col_2072_478917</setSpec></header><metadata><record xmlns="http://www.loc.gov/MARC21/slim" xmlns:dcterms="http://purl.org/dc/terms/" xmlns:xsi="http://www.w3.org/2001/XMLSchema-instance" xmlns:doc="http://www.lyncode.com/xoai" xsi:schemaLocation="http://www.loc.gov/MARC21/slim http://www.loc.gov/standards/marcxml/schema/MARC21slim.xsd">
   <leader>00925njm 22002777a 4500</leader>
   <datafield ind2=" " ind1=" " tag="042">
      <subfield code="a">dc</subfield>
   </datafield>
   <datafield ind2=" " ind1=" " tag="720">
      <subfield code="a">Font Cabrera, Cristina</subfield>
      <subfield code="e">author</subfield>
   </datafield>
   <datafield ind2=" " ind1=" " tag="720">
      <subfield code="a">Guix Comellas, Eva Maria</subfield>
      <subfield code="e">author</subfield>
   </datafield>
   <datafield ind2=" " ind1=" " tag="720">
      <subfield code="a">Fabrellas i Padrès, Núria</subfield>
      <subfield code="e">author</subfield>
   </datafield>
   <datafield ind2=" " ind1=" " tag="720">
      <subfield code="a">Juvé Udina, Eulàlia</subfield>
      <subfield code="e">author</subfield>
   </datafield>
   <datafield ind2=" " ind1=" " tag="260">
      <subfield code="c">2022-02-18T18:00:35Z</subfield>
   </datafield>
   <datafield ind2=" " ind1=" " tag="260">
      <subfield code="c">2022-02-18T18:00:35Z</subfield>
   </datafield>
   <datafield ind2=" " ind1=" " tag="260">
      <subfield code="c">2021-12</subfield>
   </datafield>
   <datafield ind2=" " ind1=" " tag="260">
      <subfield code="c">2022-02-18T18:00:36Z</subfield>
   </datafield>
   <datafield ind2=" " ind1=" " tag="520">
      <subfield code="a">Introducción: La práctica avanzada en enfermería surge de la exigencia de responder a las necesidades de la población en el contexto social actual. Algunos países han incorporado el perfil enfermero de práctica avanzada en los servicios de urgencias, a través de los programas de triaje avanzado. Objetivo: Actualizar los conceptos de enfermera de práctica avanzada y triaje avanzado en los servicios de urgencias hospitalarias. Desarrollo: El triaje avanzado es un ejemplo de práctica enfermera avanzada que se centra en aquellos pacientes clasificados como leves o poco urgentes, con niveles de clasificación IV o V, y permite al profesional enfermero ir un paso más allá en la atención sanitaria urgente de estos pacientes, aplicando unos protocolos o guías de práctica clínica previamente consensuadas por el equipo multidisciplinar, en relación a las enfermedades o problemas de salud más prevalentes de los ciudadanos. El triaje avanzado incluye la solicitud e interpretación de pruebas diagnósticas, la identificación del problema de salud y su abordaje, así como la gestión del control del dolor con analgesia farmacológica. En algunos países donde la práctica avanzada enfermera está más instaurada, se contempla la atención a todo el proceso urgente de la persona con este tipo de problemas de salud, con un impacto positivo en los resultados clínicos, la satisfacción de los pacientes y la optimización de los recursos. Conclusiones: Implementar las competencias de práctica avanzada, como en el triaje avanzado, puede contribuir a reducir la estancia hospitalaria y disminuir la sobresaturación en los servicios de urgencias hospitalarias, así como a la mejora de la eficiencia del sistema sanitario y el aumento de la satisfacción de las personas atendidas.</subfield>
   </datafield>
   <datafield tag="653" ind2=" " ind1=" ">
      <subfield code="a">Ensenyament de la infermeria</subfield>
   </datafield>
   <datafield tag="653" ind2=" " ind1=" ">
      <subfield code="a">Serveis d'urgències hospitalàries</subfield>
   </datafield>
   <datafield tag="653" ind2=" " ind1=" ">
      <subfield code="a">Triatge (Medicina)</subfield>
   </datafield>
   <datafield tag="653" ind2=" " ind1=" ">
      <subfield code="a">Salut pública</subfield>
   </datafield>
   <datafield tag="653" ind2=" " ind1=" ">
      <subfield code="a">Nursing education</subfield>
   </datafield>
   <datafield tag="653" ind2=" " ind1=" ">
      <subfield code="a">Hospital emergency services</subfield>
   </datafield>
   <datafield tag="653" ind2=" " ind1=" ">
      <subfield code="a">Triage (Medicine)</subfield>
   </datafield>
   <datafield tag="653" ind2=" " ind1=" ">
      <subfield code="a">Public health</subfield>
   </datafield>
   <datafield ind2="0" ind1="0" tag="245">
      <subfield code="a">Práctica avanzada enfermera en los servicios de urgencias hospitalarias</subfield>
   </datafield>
</record></metadata></record></GetRecord></OAI-PMH>